| 000 | 00544nam a22001577a 4500 | ||
|---|---|---|---|
| 003 | OSt | ||
| 005 | 20251119104924.0 | ||
| 008 | 251119b |||||||| |||| 00| 0 eng d | ||
| 020 | _a971-685-769-6 | ||
| 040 |
_aDWC-Main Lib. _cOC |
||
| 082 | _aFil. 370.7 L698 2013 | ||
| 245 |
_aLET comprehensive reviewer based on NCBTS and Table of Specifications (TOS) : _bprofessional education, assessment, volume 2/ |
||
| 260 |
_aQuezon City, Phils. : _bLorimar Publishing, _cc2013. |
||
| 300 |
_a72 pages ; _c25 cm. |
||
| 942 |
_2ddc _cBK - FIL _hFil. _n0 |
||
| 999 |
_c5819 _d5819 |
||